000 00930nam a2200265 i 4500
001 47929
003 ES-MaACL
005 20251120165540.0
007 t|
008 981117s1893 sp ||||1| spa d
040 _aCAM
_bspa
_cCCPB
100 1 _aCubas, Manuel.
_941921
245 1 0 _aCortesanas célebres
_b: historias anecdóticas : Lola Montes, Ninón de Lenclós, Lady Hamilton /
_cpor Manuel Cubas.
260 _aMadrid :
_b[s.n.],
_c1893 (
_fOlmos)
300 _a314 p. :
_bil. ;
_c18 cm.
490 1 _aColección española contemporánea
600 1 7 _aMontes, Lola,
_d1818-1861
_2
_9150741
600 1 7 _aLenclos, Ninon de,
_d1620-1705
_2
_9150742
600 1 4 _aHamilton, Emma
_cLady.
_9150743
650 4 _aCortesanas.
_9150740
830 0 _aColección española contemporánea
_9230056
852 _aES-MaACL
_jC-2679
852 _aES-MaACL
_jD-702
_z.- Legado M. de la Fuente
999 _c47929
_d47929